مصر والمصريون في عهد مبارك 1981-2011 / (Record no. 15350)

MARC details
000 -الفاتح
حقل البيانات ثابتة الطول 01072nam a2200289 i 4500
003 - محدد رقم الضبط
رقم الضبط EG-ScBUE
005 - وقت وتاريخ اخر تعامل مع التسجيلة
رقم الضبط 20240219115615.0
008 - عناصر البيانات ثابتة الطول - معلومات عامة
حقل البيانات ثابتة الطول 110519s2011 ua f 000 0 daradd
017 ## - رقم الإيداع القانونى
رقم الإيداع القانونى 2010 / 9329
020 ## - الرقم الدولى المعيارى للكتب
الرقم الدولى المعيارى للكتاب 9789770928451
040 ## - مصدر الفهرسة
وكالة الفهرسة الأصلية EG-ScBUE
لغة الفهرسة ara
قواعد الوصف rda
وكالة النسخ EG-ScBUE
وكالة التعديل EG-ScBUE
043 ## - رمز المنطقة الجغرافية
رمز المنطقة الجغرافية f-ua---
082 04 - رقم تصنيف ديوى العشرى
رقم الطبعة 22
رقم التصنيف 962.055
رقم المادة أ م ي
100 1# - المدخل الرئيسى - إسم شخصى
9 (RLIN) 1753
الإسم الشخصى أمين، جلال،
التواريخ المصاحبة للاسم 1935-
الدور مؤلف.
245 10 - بيان العنوان
العنوان مصر والمصريون في عهد مبارك 1981-2011 /
بيان المسئوليه,etc د. جلال أمين.
250 ## - بيان الطبعة
بيان الطبعة الطبعة الأولى.
264 #1 - النشر، التوزيع
مكان الناشر او الموزع القاهرة :
اسم الناشر او الموزع دار الشروق،
تاريخ النشر أو التوزيع 2011.
300 ## - الوصف المادى
التعداد 273 صفحة ؛
أبعاد الوعاء 24 سم
336 ## - نوع المحتوى
source rdacontent
Carrier Type Term نص
Content Type Code txt
337 ## - نوع الوسيط
Media Type Term بدون وسيط
source rdamedia
Media Type Code n
338 ## - نوع الحامل أو الناقل
Carrier Type Term مجلد
Carrier Type Code nc
source rdacarrier
651 #7 - المدخل الاضافى بالموضوع - اسم جغرافى
9 (RLIN) 23986
الاسم الجغرافي مصر
التقسيم الفرعي العام تاريخ
التقسيم الفرعي الزمني العصر الحديث
-- حسني مبارك (1981-2011).
مصدر الرأس أو المصطلح BUEsh
651 #7 - المدخل الاضافى بالموضوع - اسم جغرافى
الاسم الجغرافي مصر
التقسيم الفرعي العام أحوال اقتصادية
التقسيم الفرعي الزمني العصر الحديث
-- حسني مبارك (1981-2011).
مصدر الرأس أو المصطلح BUEsh
653 ## - مصطلح تكشيفى غير مقيد
Arrived date list May2011
655 ## - مصطلح تكشيفى-نوع/شكل
التقسيم الفرعي الشكلي Reading book
942 ## - عناصر المدخل الإضافي( كوها)
مصدر التصنيف او مخطط الترفيف Dewey Decimal Classification
Koha [default] item type Book - Borrowing
Holdings
حالة التراجع حالة الفقد مصدر التصنيف او خطة الترفيف تحديد مواد ( مجلدات مجمعه أو جزء أخر) حالة تلف ليس للاعارة المكان الدائم المكان الحالي موقع الترفيف تاريخ الاكتساب سعر الشراء الطبيعي تعداد مسلسل / التسلسل الزمني رقم الاستدعاء الباركود Date last seen مُعار نوع الوعاء مجموعات كوها Source of acquisition التكلفة
  Lost Dewey Decimal Classification Lost In Inventory_2015-8-23     Central Library Central Library Second Floor 19/05/2011 40.00 046505 962.055 أ م ي 000023625 01/07/2011 19/05/2011 Book - Borrowing      
    Dewey Decimal Classification       Central Library Central Library Second Floor 09/04/2013 20.00   962.055 أ م ي 000028675 15/07/2025 27/10/2019 Book - Borrowing سور الازبكية Purchase 25.00